Представление документа в формате MARC21

Поле Инд. ПП Название Значение
Тип записи a
Библиографический уровень m
001 Контрольный номер f230c3fa-2771-4f73-a433-fd7f2cfa7305
005 Дата корректировки 20140703143441.3
008 Кодируемые данные 060328
020 c Цена, тираж б/ц
041 a Код языка текста rus
080 a Индекс УДК 821.161.1.09(043.3)
084 a Индекс другой классификации/Индекс ББК Ш5(2=411.2)6-34я031
090 x Авторский знак Н62
a Полочн. индекс Ш5(2=411.2)
100 1_ a Автор Никитина Нина Павловна
245 10 a Заглавие Образное представление взаимодействия "Журналистика-общество" в русской прозе рубежа XX-XXI веков
b Продолж. заглавия автореф. дис. ... канд. филол. наук : 10.01.01
c Ответственность Армавир. лингвист. ун-т, Каф. теории рус. яз. и лит.
260 1_ a Место издания Армавир
c Дата издания 2006
300 a Объем 22 с.
500 a Примечание На правах рукоп.
504 a Библиография Библиогр.: с. 22.
583 a Действие Получение впервые 101 28.03.2006
650 a Основная рубрика Русская литература
x Основная подрубрика Проза
x Основная подрубрика История
y Хронологическая подрубрика 20 в.
650 a Основная рубрика Тема журналистики в литературе
650 a Основная рубрика Образ журналиста в литературе
653 a Ключевые слова Русская литература
a Ключевые слова Проза
a Ключевые слова Русская проза
a Ключевые слова Тема журналистики в литературе
a Ключевые слова Образ журналиста в литературе
a Ключевые слова Авторефераты
852 t Порядковый номер экземпляра 1
p Инвентарный номер б/н
888 a Бесплатные
930 a Новая/Ретро авторефераты
952 p 101.2006 б/ц 1 б/н
c Вид литературы А/Р н
954 a Дата поступления на обработку 20060421
999 a Подразделение 2 ч.з.